College Health /
保存先:
| 第一著者: | |
|---|---|
| フォーマット: | Sách giấy |
| 言語: | English |
| 出版事項: |
New York :
Macmillan,
1962.
|
| タグ: |
タグ追加
タグなし, このレコードへの初めてのタグを付けませんか!
|
| Thư viện lưu trữ: | Thư viện Trường Đại học Đà Lạt |
|---|
| LEADER | 00593nam a2200265 4500 | ||
|---|---|---|---|
| 001 | DLU100113214 | ||
| 005 | ##20101111 | ||
| 040 | # | # | |a DLU |b vie |
| 041 | # | # | |a eng |
| 044 | # | # | |a us |
| 082 | # | # | |a 613 |b EI-J |
| 100 | # | # | |a Eichenlaub, John E. |
| 245 | # | # | |a College Health / |c John E. Eichenlaub. |
| 260 | # | # | |a New York : |b Macmillan, |c 1962. |
| 300 | # | # | |a xi, 388 p. ; |c 24 cm. |
| 923 | # | # | |a 100/2010 |
| 992 | # | # | |a 0 |
| 994 | # | # | |a DLU |
| 900 | # | # | |a True |
| 911 | # | # | |a Lý Thị Hồng Hạnh |
| 925 | # | # | |a G |
| 926 | # | # | |a A |
| 927 | # | # | |a SH |
| 980 | # | # | |a Thư viện Trường Đại học Đà Lạt |